| 000 | 01773nam0a2200385 4500 | ||
|---|---|---|---|
| 001 | RU\NLR\bibl\1690721 | ||
| 005 | 20250616054400.0 | ||
| 010 |
_a978-5-7422-2657-4 _9100 |
||
| 021 |
_aRU _b2010-70122 _94626 |
||
| 035 | _a(nilc)RSL-KNO-004732143 | ||
| 035 | _a(NLR Aleph) 001681840 | ||
| 090 |
_a1106189 _c1106189 |
||
| 100 | _a20100916d2010 |||y0rusy50 ca | ||
| 101 | 0 | _arus | |
| 102 | _aRU | ||
| 105 | _aa ||||||||| | ||
| 200 | 1 |
_aАкадемик Николай Семенович Курнаков и его научная школа _fА.Г. Морачевский _gпод ред. акад. РАН Ю.С. Васильева |
|
| 210 |
_aСанкт-Петербург _cИзд-во Политехнического университета _d2010 |
||
| 215 |
_a98 с. _cил., портр., факс. _d20 |
||
| 313 | _aшкола химиков-неоргаников, есть статьи о др. химиках | ||
| 320 | _aБиблиогр. в конце разделов | ||
| 600 | 1 |
_aКурнаков _bН.С. _f1860 - 1941 _gНиколай Семенович _91427472 _3RU\NLR\auth\66602998 |
|
| 606 | 1 |
_aХимики русские _92159958 _3RU\NLR\auth\661299975 |
|
| 686 |
_aГ.д(2)Курнаков Н.С.,0 _2rubbk |
||
| 686 | _aГ5д(2)Курнаков | ||
| 686 | _aГ1е(2)л | ||
| 700 | 1 |
_4220 _7ca _8rus _aМорачевский _bА. Г. _cд-р техн. наук, физ. химия _f1926- _gАндрей Георгиевич _9165111 _3RU\NLR\AUTH\770165155 |
|
| 702 | 1 |
_aКурнаков _bН. С. _gНиколай Семенович _4570 |
|
| 801 | 0 |
_aRU _bРГБ _c20100916 _grcr |
|
| 801 | 1 |
_aRU _bРГБ _c20100916 |
|
| 801 | 2 |
_aRU _bNLR _c20101025 _grcr |
|
| 830 | _aавт. по кн. | ||
| 942 | _cBOOK | ||
| 980 | _aNB | ||